000 00230nam a22000857a 4500
008 160630b xxu||||| |||| 00| 0 eng d
100 _91544
_a Sharma, J.M
245 _aA New look at Numbers
260 _aNew Delhi
_bArya Publication
_c1996
999 _c1276
_d1276